000 01316cam a2200301 a 4500
999 _c2516
_d2516
005 20200104041533.0
008 970724s1996 ck abd 000 0 spa d
015 _aSSS
020 _a9589571220
040 _aCO-BoPUJ
_cCO-BoIAVH
041 _aspa
082 0 4 _a591.5
_bU42t
100 1 _aUlloa, Astrid
_94870
245 0 _aTrua wuandra
_bestrategias para el manejo de fauna con comunidades embera en el Parque Nacional Natural Utría, Chocó Colombia
_cAstrid Ulloa, Heidi Rubio y Claudia Campos
250 _a1a ed.
260 _aBogotá
_bOrganización de Estados Iberoamericanos
_c1996.
300 _a288 paginas.
_bilustraciones, mapas y tablas
_c23 cm.
504 _aIncluye referencias bibliográficas (P. 281-288).
650 2 4 _aConservacion de la vida silvestre
_9158
650 2 4 _aIndigenas de Colombia
_9101566
650 2 4 _aEmberas
_915486
650 2 4 _aEcologia animal
_9101567
700 1 _aCampos, Claudia
_920173
700 1 _aRubio Torgler, Heidi
_92611
740 0 _aEstrategias para el manejo de fauna con comunidades embera en el Parque Nacional Natural Utria, Choco, Colombia
942 _2ddc
_cLIBRO
949 _a591.5 U55
_wDEWEY
_c1
_i80000002600750
_u07/10/1997
_d09/02/1999
_tLIBRO
_lCOLEC-GRAL
_kCOLEC-GRAL
_mB-GENERAL
_o.NOTE. Proveedor: Organización de Estados Iberoamericanos
_zDONACION